000 00944nam a2200289 i 4500
001 91632
003 ES-MaACL
005 20250826082716.0
007 t|
008 050202s2004 sp ||||1| spa d
020 _a84-323-1152-9
080 _a331.105.44(460)
080 _a330.862(460)
080 _a94(460)"1939/75"
100 1 _aHerrerín López, Ángel.
_9138455
245 1 3 _aLa CNT durante el franquismo
_b: clandestinidad y exilio (1939-1975) /
_cpor Ángel Herrerín López.
260 _aMadrid :
_bSiglo XXI de España,
_c[2004]
300 _aXII, 468 p. ;
_c21 cm.
490 1 _aHistoria
504 _aBibliografía: p. 429-438.
610 2 4 _aConfederación Nacional del Trabajo (España)
_93165
650 1 4 _aAnarcosindicalismo-
_zEspaña.
_99779
651 4 _aEspaña-
_xHistoria-
_y1939-1975, Dictadura.
_9167928
830 0 _aHistoria
_9177536
852 _aES-MaACL
_jL-28763
_bR.135108
999 _c91632
_d91632